| 000 | 00697nam a2200145 a 4500 | ||
|---|---|---|---|
| 008 | 070601s2004 ||||||||||||||||| || u | ||
| 050 | _aTHESIS/STUDENT | ||
| 100 | _aNdalama, Siame Humphrey | ||
| 245 | 1 | 0 |
_aSustainable urban growth through building control - the challenge to the construction industry _cThesis supervised by Mr. C. Milandu |
| 260 |
_aKitwe _bCopperbelt University, School of Built Environment, Department of Building _c2004 |
||
| 350 | _a0.00 | ||
| 650 | _aBUILDING | ||
| 650 | _aBUILDING CONTROL--ZAMBIA--CONSTRUCTION INDUSTRY | ||
| 995 |
_D0.00 _FCBU-MAIN LIBRARY (Kitwe) _H1 _I0.00 _M1 _UAVAILABLE _WJun 1, 2007 _ZUniversity Collection |
||
| 999 |
_c59257 _d59257 |
||